The romance of redemption. (Record no. 15878)

000 -LEADER
fixed length control field 00510nam a2200157 a 4500
001 - CONTROL NUMBER
control field :::00018329$&:&@@
003 - CONTROL NUMBER IDENTIFIER
control field OkBaRHE
005 - DATE AND TIME OF LATEST TRANSACTION
control field 20100331141322.0
008 - FIXED-LENGTH DATA ELEMENTS--GENERAL INFORMATION
fixed length control field s1958 j 000 0 eng u
040 ## - CATALOGING SOURCE
Transcribing agency
100 1# - MAIN ENTRY--PERSONAL NAME
Personal name DeHAAN, M. R.
245 14 - TITLE STATEMENT
Title The romance of redemption.
260 ## - PUBLICATION, DISTRIBUTION, ETC. (IMPRINT)
Place of publication, distribution, etc Grand Rapids, Michigan
Name of publisher, distributor, etc Zondervan
Date of publication, distribution, etc 1958
942 ## - ADDED ENTRY ELEMENTS (KOHA)
Source of classification or shelving scheme
Koha item type Books
Copies
Barcode Date last seen Copy number Lost status Shelving location Current Location Date checked out Not for loan Date acquired Price effective from Withdrawn status Full call number Permanent Location Source of classification or shelving scheme Koha item type Damaged status Total Checkouts
183292010-12-081 General StacksRHEMA Bible Training College2010-10-28 2010-04-142010-04-14 BS 580 .R8 D4RHEMA Bible Training College Books 1